00340nam a2200109Ia 450000500170000000800410001710000300005824500790008826000390016730000110020665000130021720260328104330.0260328s9999||||xx |||||||||||||| ||und|| aSaldarriaga Roa, Alberto  0a50 Años de Arquitectura en Bogotá 1970-2020 /cAlberto Saldarriaga Roa bSociedad Colombiana de Arquitectos a275 p. aCOLOMBIA